| 000 -LEADER |
| fixed length control field |
00866cam a2200229 a 4500 |
| 003 - CONTROL NUMBER IDENTIFIER |
| control field |
OSt |
| 005 - DATE AND TIME OF LATEST TRANSACTION |
| control field |
20240117115551.0 |
| 008 - FIXED-LENGTH DATA ELEMENTS--GENERAL INFORMATION |
| fixed length control field |
070829s2008 cauab b 001 0 eng |
| 020 ## - INTERNATIONAL STANDARD BOOK NUMBER |
| International Standard Book Number |
9780936070421 (pbk. : alk. paper) |
| 041 1# - LANGUAGE CODE |
| Language code of text/sound track or separate title |
eng |
| Language code of original and/or intermediate translations of text |
spa |
| 082 00 - DEWEY DECIMAL CLASSIFICATION NUMBER |
| Classification number |
720.47 |
| Edition number |
22 |
| Item number |
LEN |
| 100 1# - MAIN ENTRY--PERSONAL NAME |
| Personal name |
Lengen, Johan van. |
| 240 10 - UNIFORM TITLE |
| Uniform title |
<a href="Manual del arquitecto descalzo.">Manual del arquitecto descalzo.</a> |
| Language of a work |
English |
| 245 14 - TITLE STATEMENT |
| Title |
The barefoot architect : |
| Remainder of title |
a handbook for green building / |
| Statement of responsibility, etc |
by Johan van Lengen. |
| 260 ## - PUBLICATION, DISTRIBUTION, ETC. (IMPRINT) |
| Place of publication, distribution, etc |
Bolinas, Calif., U.S.A : |
| Name of publisher, distributor, etc |
Shelter Publications, |
| Date of publication, distribution, etc |
c2008. |
| 300 ## - PHYSICAL DESCRIPTION |
| Extent |
705 p. : |
| Other physical details |
ill., maps ; |
| Dimensions |
22 cm. |
| 504 ## - BIBLIOGRAPHY, ETC. NOTE |
| Bibliography, etc |
Includes bibliographical references (p. [unpaged]) and index. |
| 650 #0 - SUBJECT ADDED ENTRY--TOPICAL TERM |
| Topical term or geographic name as entry element |
Sustainable buildings |
| General subdivision |
Design and construction. |
| 650 #0 - SUBJECT ADDED ENTRY--TOPICAL TERM |
| Topical term or geographic name as entry element |
Sustainable architecture. |
| 856 41 - ELECTRONIC LOCATION AND ACCESS |
| Materials specified |
Table of contents only |
| Uniform Resource Identifier |
<a href="http://www.loc.gov/catdir/toc/ecip0726/2007035835.html">http://www.loc.gov/catdir/toc/ecip0726/2007035835.html</a> |
| 942 ## - ADDED ENTRY ELEMENTS (KOHA) |
| Source of classification or shelving scheme |
|